Project management : (Record no. 356972)
[ view plain ]
| 000 -LEADER | |
|---|---|
| fixed length control field | 00715nam a2200265Ia 4500 |
| 008 - FIXED-LENGTH DATA ELEMENTS--GENERAL INFORMATION | |
| fixed length control field | 180523s9999 xx 000 0 und d |
| 020 ## - INTERNATIONAL STANDARD BOOK NUMBER | |
| International Standard Book Number | 978-981-4581-13-4 |
| 050 ## - LIBRARY OF CONGRESS CALL NUMBER | |
| Classification number | MAIN HD 69.P75 |
| 050 ## - LIBRARY OF CONGRESS CALL NUMBER | |
| Item number | .L37 2014 |
| 100 ## - MAIN ENTRY--PERSONAL NAME | |
| Personal name | Larson, Erik W. |
| 245 #0 - TITLE STATEMENT | |
| Title | Project management : |
| 245 #4 - TITLE STATEMENT | |
| Remainder of title | the managerial process / |
| 245 #0 - TITLE STATEMENT | |
| Statement of responsibility, etc | Erik W. Larson, Clifford F. Gray. |
| 250 ## - EDITION STATEMENT | |
| Edition statement | 5th Editon |
| 260 ## - PUBLICATION, DISTRIBUTION, ETC. (IMPRINT) | |
| Place of publication, distribution, etc | New York : |
| 260 ## - PUBLICATION, DISTRIBUTION, ETC. (IMPRINT) | |
| Name of publisher, distributor, etc | McGraw-Hill, |
| 260 ## - PUBLICATION, DISTRIBUTION, ETC. (IMPRINT) | |
| Date of publication, distribution, etc | 2014 |
| 300 ## - PHYSICAL DESCRIPTION | |
| Extent | 671 pages : |
| 300 ## - PHYSICAL DESCRIPTION | |
| Other physical details | illustrations ; |
| 300 ## - PHYSICAL DESCRIPTION | |
| Dimensions | 26 cm. |
| 500 ## - GENERAL NOTE | |
| General note | Includes bibliographical references and index. |
| 650 ## - SUBJECT ADDED ENTRY--TOPICAL TERM | |
| Topical term or geographic name as entry element | Project management. |
| 650 ## - SUBJECT ADDED ENTRY--TOPICAL TERM | |
| Topical term or geographic name as entry element | Risk management. |
| 650 ## - SUBJECT ADDED ENTRY--TOPICAL TERM | |
| General subdivision | Time management. |
| Withdrawn status | Lost status | Damaged status | Home library | Current library | Shelving location | Date acquired | Cost, normal purchase price | Total Checkouts | Full call number | Barcode | Date last seen | Price effective from | Koha item type |
|---|---|---|---|---|---|---|---|---|---|---|---|---|---|
| South Mansfield College | South Mansfield College | 01/07/2016 | 635.80 | MAIN HD 69.P75 .L37 2014 | SMC06018 | 05/23/2018 | 05/23/2018 |